000 01574cad a22002295a 4500
001 E148332
008 090907e20090513xxk f f000 0 eng d
035 _a(Sirsi) u148332
041 0 _aeng
050 0 4 _a333.33 $2 18
110 1 _aUnited Kingdom
_bParliament
_bHouse of Commons
_bBusiness and Enterprise Committee
_95789
245 0 0 _aPub companies
_bseventh report of session 2008-09, volume 1, report, together with formal minutes
_h[electronic resource]
260 _aLondon
_bUK Parliament
_c2009
505 2 _aSummary -- Introduction -- Is the rental system fair? -- Ties -- Benefits of the pubco tied model -- Dispute resolution -- Competition issues -- Conclusion -- Conclusions and recommendations -- Formal minutes -- Witnesses -- List of written evidence -- List of reports from the Committee during the current Parliament
520 _aExamines the relationship between lessees and pub companies, and whether this provides value for money for landlords and customers. Suggests that the issue be referred to the Competition Commission for investigation, and presents the Committee's provisional view which is that the tie should be severely limited to make sure there is competition in the market.
521 _aAdvanced
590 _aKA
651 4 _aUnited Kingdom
_y
690 _aPROPERTY-COMMERCIAL PROPERTY-LEISURE PROPERTY-REFRESHMENT AND CULINARY PROPERTY-LICENSED PROPERTY-LICENSED PREMISES
856 4 0 _uhttps://www.parliament.uk/parliamentary_committees/berr.cfm
_zView the item free of charge at www.publications.parliament.uk...
942 _n0
999 _c110004
_d110004